期刊信息 |
| 索取号 |
O1/BDSM
|
| 题名 |
Bulletin Des Sciences Mathematiques
|
| 作者 |
|
| 分册号 |
|
| 分册名 |
|
| 出版地 |
|
| 出版者 |
|
| 标准刊号 |
|
| 出版频率 |
月刊
|
| 中图法分类 |
O1
|
| 主题词 |
数学
|
| 电子资源 | |
| |
|
| 000 | 00333nas0 2200145 45 | |
| 001 | 0738340961 | |
| 005 | 20131118103716.96 | |
| 100 | @a20070415d km y0chiy0120 ea | |
| 101 | 0 | @aeng |
| 200 | 1 | @aBulletin Des Sciences Mathematiques |
| 326 | @a月刊 | |
| 606 | 0 | @a数学 |
| 690 | @aO1@v4 | |
| 801 | 0 | @aCN@bPFT@c20070415 |
| 905 | @aTJWY@dO1@eBDSM | |
| Bulletin Des Sciences Mathematiques |
| ● |
| 相关链接: |
|
|
|
|